Загрузка...
ملحة الفوجة
| Главный автор: | |
|---|---|
| Формат: | Printed Book |
| Язык: | Arabic |
| LEADER | 00401nam a22001217a 4500 | ||
|---|---|---|---|
| 008 | 160225b xxu||||| |||| 00| 0 ara d | ||
| 082 | |a 811.9 | ||
| 100 | |a أحمد الخاني | ||
| 245 | |a ملحة الفوجة | ||
| 500 | |a شعر الحديث | ||
| 942 | |c BK | ||
| 999 | |c 176036 |d 176036 | ||
| 952 | |0 0 |1 0 |4 0 |6 811_900000000000000 |7 0 |9 195060 |a ARA |b ARA |c ST1 |d 2016-02-25 |i 10350 |l 0 |o 811.9 |p ARA10350 |r 2016-02-25 |w 2016-02-25 |y BK | ||